| 000 | 00344nam a22001097a 4500 | ||
|---|---|---|---|
| 008 | 131218b xxu||||| |||| 00| 0 eng d | ||
| 020 |
_a8130902281 _cAvailable |
||
| 050 |
_a005.8 KUM _b000590 |
||
| 100 | _gPB 156p | ||
| 245 |
_aCyber Crimes: A Primer on Internet Threats and Email Abuses _cKumar, G Ram |
||
| 260 |
_aNew Delhi _bViva Books Private Limited |
||
| 999 |
_c23550 _d23550 |
||